000 00504nam a2200181Ia 4500
005 20250508151503.0
008 008 250505s9999 xx 000 0 eng d
037 _aTextual
040 _aFEDL
_beng
_cFEDL
041 _aeng
_2eng
084 _a327, POP
_qFEDL
100 _aPoplai S.L. Ed.
_9302733
245 0 _aAsia and Africa in the modern world
260 _aBombay, India
_bAsia Publishing House
_c1955
300 _a218p.
942 _cTEXL
_h327, POP
999 _c1330119
_d1330119